[Event "POL-chT3 Kujawsko Pomorskie 1314"]
[Site "Poland"]
[Date "2014.??.??"]
[Round "10.10"]
[White "Zebrowska, Anna"]
[Black "Wloch, Dominika"]
[Result "1-0"]
[WhiteElo "1606"]
[BlackElo "1194"]
[PlyCount "95"]
[EventDate "2013.11.03"]
[EventType "team-tourn"]
[EventRounds "11"]
[EventCountry "POL"]
[SourceTitle "EXT 2018"]
[Source "ChessBase"]
[SourceDate "2017.10.13"]
[SourceVersion "1"]
[SourceVersionDate "2017.10.13"]
[SourceQuality "1"]
[WhiteTeam "Swiecie Gambit"]
[BlackTeam "Bydgoszcz Chemik II"]
[WhiteTeamCountry "POL"]
[BlackTeamCountry "POL"]

1. e4 e5 2. Nf3 Nc6 3. d4 exd4 4. Bc4 Nf6 5. e5 d5 6. Bb5 Ne4 7. Nxd4 Bd7 8. Bxc6 bxc6 9. 0-0 c5 10. Nf3 Bg4 11. h3 Bh5 12. Re1 Be7 13. Bf4 Bg5 14. Bh2 0-0 15. Qd3 c4 16. Qa3 Be7 17. Qe3 Ng5 18. Nxg5 Bxg5 19. Qc5 Re8 20. Nc3 Rb8 21. Nxd5 Rxb2 22. Qxc4 Bd2 23. Rf1 Qg5 24. f4 Qg6 25. g4 Rxc2 26. Qa4 c6 27. f5 Qg5 28. Qxc2 cxd5 29. Kh1 Bxg4 30. hxg4 Qh6 31. Rad1 Ba5 32. Rxd5 Bb6 33. Rfd1 g6 34. fxg6 fxg6 35. Qc6 Qf8 36. Rd7 Bc5 37. Qd5+ Kh8 38. Rd8 Be7 39. Rxe8 Qxe8 40. e6 Qf8 41. Be5+ Kg8 42. Kg2 a5 43. Bd6 Bxd6 44. e7+ Qf7 45. e8Q+ Kg7 46. Qexf7+ Kh6 47. Rh1+ Bh2 48. Rxh2# 1-0

[Event "POL-chT3 Kujawsko Pomorskie 1314"]
[Site "Poland"]
[Date "2013.??.??"]
[Round "5.15"]
[White "Palka, Dominika"]
[Black "Zebrowska, Anna"]
[Result "1-0"]
[WhiteElo "1794"]
[BlackElo "1606"]
[PlyCount "127"]
[EventDate "2013.11.03"]
[EventType "team-tourn"]
[EventRounds "11"]
[EventCountry "POL"]
[SourceTitle "EXT 2015"]
[Source "ChessBase"]
[SourceDate "2014.11.20"]
[SourceVersion "1"]
[SourceVersionDate "2014.11.20"]
[SourceQuality "1"]
[WhiteTeam "Torun Torfarm 64"]
[BlackTeam "Swiecie Gambit"]
[WhiteTeamCountry "POL"]
[BlackTeamCountry "POL"]

1. e4 c5 2. Nc3 Nc6 3. f4 e6 4. Nf3 g6 5. g3 Bg7 6. Bg2 Nge7 7. d3 d6 8. Bd2 Rb8 9. a4 a6 10. 0-0 0-0 11. a5 Nxa5 12. e5 Nac6 13. Ne4 dxe5 14. fxe5 Nxe5 15. Bc3 Nxf3+ 16. Qxf3 Bd4+ 17. Kh1 f5 18. Bxd4 cxd4 19. Qf4 Ra8 20. Nc5 Qb6 21. Qxd4 Rd8 22. Qc4 Nd5 23. Rae1 Rd6 24. Nxe6 Ne3 25. Rxe3 Qxe3 26. Nc7+ Be6 27. Nxe6 Qxe6 28. Qxe6+ Rxe6 29. Bd5 Rae8 30. Kg2 Kg7 31. Bxe6 Rxe6 32. Kf3 Kf6 33. c3 Ke7 34. Rf2 Kd7 35. Kf4 h6 36. h4 Re1 37. h5 gxh5 38. Rh2 Rf1+ 39. Ke5 Rg1 40. d4 Rxg3 41. Rxh5 Rg6 42. d5 b5 43. Kxf5 Rd6 44. Ke5 Rg6 45. Kd4 Kd6 46. Rh4 Rf6 47. b3 a5 48. c4 bxc4 49. bxc4 a4 50. c5+ Kc7 51. Ke5 Rg6 52. Rxa4 Rg5+ 53. Ke6 Rg6+ 54. Kf7 Rg5 55. Ra7+ Kb8 56. Rd7 Re5 57. c6 Kc8 58. Kf6 Re4 59. Rh7 Rd4 60. Ke5 Rh4 61. Kd6 Kb8 62. Rh8+ Ka7 63. c7 Rc4 64. c8Q 1-0

[Event "Memorial Henryk Jakubowski"]
[Site "Lomza"]
[Date "2011.01.08"]
[Round "2.4"]
[White "Szwajkowski, Patryk"]
[Black "Zebrowska, Anna"]
[Result "1-0"]
[WhiteElo "1542"]
[BlackElo "1609"]
[PlyCount "69"]
[EventDate "2011.01.08"]
[EventType "swiss"]
[EventRounds "5"]
[EventCountry "POL"]
[SourceTitle "EXT 2023"]
[Source "ChessBase"]
[SourceDate "2022.10.05"]
[SourceVersion "1"]
[SourceVersionDate "2022.10.05"]
[SourceQuality "1"]

1. e4 g6 2. Nf3 Bg7 3. Nc3 d6 4. Be2 c6 5. d4 Qc7 6. Be3 Nf6 7. Qd2 b5 8. Bh6 0-0 9. h4 b4 10. Nb1 Nxe4 11. Qe3 f5 12. h5 e5 13. hxg6 hxg6 14. dxe5 d5 15. Qf4 Ba6 16. Bg5 Bxe2 17. Kxe2 Nd7 18. Qh4 Nxe5 19. Qh7+ Kf7 20. Bf4 Rae8 21. Rh6 Nf6 22. Ng5+ Ke7 23. Qxg7+ Kd8 24. Ne6+ Rxe6 25. Qxf8+ Ne8 26. Kf1 Qb6 27. Bxe5 Rxe5 28. Rxg6 Qb5+ 29. Kg1 Re1+ 30. Kh2 Qb8+ 31. g3 Qc7 32. Rh6 c5 33. Qxf5 d4 34. Qd5+ Ke7 35. Rh7+ 1-0

[Event "Memorial Henryk Jakubowski"]
[Site "Lomza"]
[Date "2011.01.08"]
[Round "1.2"]
[White "Zebrowska, Anna"]
[Black "Obiedzinski, Pawel"]
[Result "0-1"]
[WhiteElo "1609"]
[BlackElo "2049"]
[PlyCount "122"]
[EventDate "2011.01.08"]
[EventType "swiss"]
[EventRounds "5"]
[EventCountry "POL"]
[SourceTitle "EXT 2023"]
[Source "ChessBase"]
[SourceDate "2022.10.05"]
[SourceVersion "1"]
[SourceVersionDate "2022.10.05"]
[SourceQuality "1"]

1. e4 c6 2. d4 d5 3. exd5 cxd5 4. Bd3 Nc6 5. c3 Nf6 6. Nf3 Bg4 7. Bf4 Qb6 8. b4 e6 9. Nbd2 Be7 10. a4 0-0 11. 0-0 Rac8 12. a5 Qd8 13. Qb3 Bd6 14. Bxd6 Qxd6 15. b5 Ne7 16. Ne5 Ng6 17. f4 Bf5 18. Bxf5 exf5 19. Rae1 Ne4 20. Nxe4 fxe4 21. g3 Rfd8 22. Ng4 Qc7 23. Rc1 f6 24. Ne3 Ne7 25. b6 axb6 26. axb6 Qd6 27. Rfd1 g6 28. c4 dxc4 29. Nxc4 Qd5 30. Nd2 Qxb3 31. Nxb3 Rxc1 32. Rxc1 Nd5 33. Nc5 Rc8 34. Rb1 Nc3 35. Re1 f5 36. Re3 Nd5 37. Rb3 Rc6 38. Nxb7 Rxb6 39. Nc5 Rxb3 40. Nxb3 Kf7 41. Kf2 Ke6 42. Nc5+ Kd6 43. Ke2 Kc6 44. Ne6 Nf6 45. Kd2 Kd5 46. Nc7+ Kxd4 47. Ne6+ Kc4 48. h3 Kd5 49. Nc7+ Kd6 50. Nb5+ Kc6 51. Nd4+ Kd5 52. Nb5 Nh5 53. Nc3+ Ke6 54. Ne2 Kd5 55. Kc3 Ng7 56. Nd4 Ne6 57. Ne2 h5 58. Kb4 e3 59. Kc3 Ke4 60. Ng1 Nd4 61. Kc4 e2 0-1

[Event "Olsztyn op"]
[Site "Olsztyn"]
[Date "2010.05.22"]
[Round "1"]
[White "Jozwik, Rafal"]
[Black "Zebrowska, Anna"]
[Result "1-0"]
[WhiteElo "2104"]
[BlackElo "1586"]
[PlyCount "57"]
[EventDate "2010.05.22"]
[EventType "swiss"]
[EventRounds "9"]
[EventCountry "POL"]
[SourceTitle "CBM 136 Extra"]
[Source "ChessBase"]
[SourceDate "2010.07.02"]
[SourceVersion "2"]
[SourceVersionDate "2010.07.15"]
[SourceQuality "1"]

1. e4 g6 2. d4 Bg7 3. Nf3 d5 4. e5 c5 5. c3 cxd4 6. cxd4 Nc6 7. Nc3 Bg4 8. Be2 a6 9. 0-0 Nh6 10. Qb3 Bxf3 11. Bxf3 Nxd4 12. Qa4+ Nc6 13. Bxd5 Qc7 14. e6 0-0 15. exf7+ Nxf7 16. Be3 Kh8 17. Rac1 Nfe5 18. Qe4 Rad8 19. Rfd1 Qa5 20. a3 Rd6 21. Na4 Qd8 22. Nc5 Qc8 23. h3 Qf5 24. Qxf5 Rxf5 25. Be4 Rxd1+ 26. Rxd1 Rf6 27. Nxb7 Nc4 28. Bxc6 Rxc6 29. Rd8+ 1-0

[Event "POL-ch U18 Girls"]
[Site "Leba"]
[Date "2008.04.02"]
[Round "7"]
[White "Zebrowska, Anna"]
[Black "Kowalczyk, Sabina"]
[Result "0-1"]
[WhiteElo "1565"]
[BlackElo "1663"]
[PlyCount "62"]
[EventDate "2008.03.29"]
[EventType "swiss"]
[EventRounds "11"]
[EventCountry "POL"]
[SourceTitle "CBM 123 Extra"]
[Source "ChessBase"]
[SourceDate "2008.05.06"]
[SourceVersion "1"]
[SourceVersionDate "2008.05.06"]
[SourceQuality "1"]

1. e4 e6 2. d4 d5 3. Nc3 Bb4 4. Qd3 dxe4 5. Qxe4 Nf6 6. Qh4 Be7 7. Bd3 Nc6 8. Nf3 b6 9. Bb5 Bd7 10. 0-0 a6 11. Bd3 Nb4 12. Be4 Nxe4 13. Qxe4 Bc6 14. Qg4 Bf6 15. Ne5 Bb7 16. Bf4 Nxc2 17. Rad1 Nb4 18. Rfe1 Qe7 19. d5 0-0 20. d6 cxd6 21. Ng6 fxg6 22. Bxd6 Qf7 23. Qxb4 Bxc3 24. Qxb6 Bxe1 25. Bxf8 Bxf2+ 26. Qxf2 Qxf2+ 27. Kxf2 Rxf8+ 28. Kg1 Bd5 29. b3 Rc8 30. Rd2 Kf7 31. Kf2 Ke7 0-1

[Event "POL-ch U18 Girls"]
[Site "Leba"]
[Date "2008.03.31"]
[Round "3"]
[White "Furman, Justyna"]
[Black "Zebrowska, Anna"]
[Result "1-0"]
[WhiteElo "1800"]
[BlackElo "1565"]
[PlyCount "115"]
[EventDate "2008.03.29"]
[EventType "swiss"]
[EventRounds "11"]
[EventCountry "POL"]
[SourceTitle "CBM 123 Extra"]
[Source "ChessBase"]
[SourceDate "2008.05.06"]
[SourceVersion "1"]
[SourceVersionDate "2008.05.06"]
[SourceQuality "1"]

1. e4 c5 2. Nc3 Nc6 3. g3 g6 4. Bg2 Bg7 5. d3 d6 6. f4 Rb8 7. Be3 b5 8. Rb1 b4 9. Na4 Qa5 10. b3 Bd7 11. Ne2 Nd4 12. Bxd4 cxd4 13. Nb2 e6 14. Nc4 Qc7 15. 0-0 Ne7 16. Ra1 a5 17. Rc1 0-0 18. Qe1 Rfc8 19. Qf2 Qc5 20. h4 a4 21. g4 f5 22. exf5 exf5 23. g5 Nd5 24. Bxd5+ Qxd5 25. Qf3 Qc5 26. Rfe1 Bc6 27. Qf2 Re8 28. Ng3 Bd5 29. Kh2 Bxc4 30. dxc4 Re3 31. Rxe3 dxe3 32. Qf3 Re8 33. Rd1 a3 34. Rd5 Qc6 35. Qd1 Re6 36. Ne2 Kf7 37. Qd3 Qb6 38. h5 Ke7 39. h6 Bh8 40. Kg3 Qc6 41. Qd1 Bc3 42. Nxc3 bxc3 43. Qe2 Re4 44. Rd3 Qc5 45. Kf3 Kf7 46. Rxe3 Rxe3+ 47. Qxe3 Qxe3+ 48. Kxe3 Ke6 49. Kd4 Kd7 50. Kxc3 Kc6 51. b4 d5 52. Kd4 dxc4 53. Kxc4 Kb6 54. b5 Kb7 55. Kc5 Kc7 56. b6+ Kb7 57. c3 Kb8 58. Kc6 1-0

[Event "POL-ch U18 Girls"]
[Site "Leba"]
[Date "2008.03.29"]
[Round "1"]
[White "Gorol, Magdalena"]
[Black "Zebrowska, Anna"]
[Result "1/2-1/2"]
[WhiteElo "1835"]
[BlackElo "1565"]
[PlyCount "72"]
[EventDate "2008.03.29"]
[EventType "swiss"]
[EventRounds "11"]
[EventCountry "POL"]
[SourceTitle "CBM 123 Extra"]
[Source "ChessBase"]
[SourceDate "2008.05.06"]
[SourceVersion "1"]
[SourceVersionDate "2008.05.06"]
[SourceQuality "1"]

1. e4 c5 2. Nc3 Nc6 3. f4 g6 4. Nf3 Bg7 5. Bc4 e6 6. f5 Nd4 7. fxe6 dxe6 8. d3 Nf6 9. 0-0 0-0 10. Bg5 h6 11. Bd2 a6 12. Ne2 Nxf3+ 13. Rxf3 Qc7 14. Bf4 Qc6 15. c3 b5 16. Bb3 c4 17. Nd4 Qc5 18. Be3 Qc7 19. Bc2 cxd3 20. Bxd3 Bb7 21. Bxh6 Bxh6 22. Rxf6 Kg7 23. Rxg6+ Kxg6 24. Qg4+ Kf6 25. Qh4+ Kg7 26. Rf1 Be3+ 27. Kh1 Bxd4 28. Qg5+ Kh8 29. Rf6 Bxf6 30. Qxf6+ Kg8 31. Qg5+ Kh7 32. e5+ f5 33. exf6+ Kh8 34. Qh6+ Kg8 35. Qg6+ Kh8 36. Qh6+ Kg8 1/2-1/2

[Event "Zlota Wieza op 49th"]
[Site "Gniezno"]
[Date "2007.05.23"]
[Round "6"]
[White "Kozlowska, Marzena"]
[Black "Zebrowska, Anna"]
[Result "1-0"]
[WhiteElo "1960"]
[BlackElo "1600"]
[PlyCount "63"]
[EventDate "2007.05.20"]
[EventType "swiss"]
[EventRounds "9"]
[EventCountry "POL"]
[SourceTitle "EXT 2011"]
[Source "ChessBase"]
[SourceDate "2010.11.26"]
[SourceVersion "1"]
[SourceVersionDate "2010.11.26"]
[SourceQuality "1"]

1. b4 d5 2. Bb2 Nd7 3. e3 e6 4. Nf3 Ngf6 5. a3 c5 6. bxc5 Bxc5 7. d4 Bd6 8. c4 dxc4 9. Bxc4 Qc7 10. Nbd2 0-0 11. 0-0 b6 12. Qb3 Bb7 13. Rfc1 Qd8 14. Bxe6 Bxh2+ 15. Nxh2 fxe6 16. Qxe6+ Kh8 17. Nhf3 h6 18. Nc4 Bxf3 19. gxf3 Ng8 20. f4 Rf6 21. Qe4 Nf8 22. Ne5 Qe8 23. Rc7 Ng6 24. d5 Nxe5 25. Bxe5 Rg6+ 26. Kf1 Nf6 27. Qd3 Ng4 28. Rac1 Nxe5 29. fxe5 Rg5 30. e6 Qf8 31. e7 Qg8 32. d6 1-0

[Event "POL-chT Mazovia 06/07 op"]
[Site "Poland"]
[Date "2006.11.19"]
[Round "3.4"]
[White "Starczewska, Malgorzata"]
[Black "Zebrowska, Anna"]
[Result "1-0"]
[WhiteElo "2035"]
[BlackElo "1600"]
[PlyCount "63"]
[EventDate "2006.10.22"]
[EventType "team-swiss"]
[EventRounds "10"]
[EventCountry "POL"]
[SourceTitle "EXT 2019"]
[Source "ChessBase"]
[SourceDate "2018.10.10"]
[SourceVersion "1"]
[SourceVersionDate "2018.10.10"]
[SourceQuality "1"]
[WhiteTeam "Warszawa KS Wesola"]
[BlackTeam "Lomza Devo Maraton"]
[WhiteTeamCountry "POL"]
[BlackTeamCountry "POL"]

1. f4 d5 2. Nf3 Nc6 3. g3 Bf5 4. Bg2 e6 5. d3 Nf6 6. e3 Bd6 7. 0-0 e5 8. fxe5 Nxe5 9. Nxe5 Be6 10. Nf3 Qd7 11. Nc3 0-0-0 12. Bd2 h5 13. Qe1 Ng4 14. e4 Bc5+ 15. Kh1 Rde8 16. Ng5 f6 17. Nxe6 Rxe6 18. Nxd5 h4 19. Ne3 Bxe3 20. Bxe3 hxg3 21. h3 Re5 22. Qxg3 Reh5 23. Rf5 Rh4 24. Kg1 Ne5 25. Raf1 b6 26. Bf4 Qd4+ 27. Qf2 Qxb2 28. Bxe5 fxe5 29. Rf8+ Kb7 30. Rxh8 Rxh8 31. d4 exd4 32. e5+ 1-0

[Event "POL-ch U16 Girls"]
[Site "Leba"]
[Date "2006.03.30"]
[Round "8"]
[White "Zebrowska, Anna"]
[Black "Staniszewska, Urszula"]
[Result "0-1"]
[WhiteElo "1600"]
[BlackElo "1900"]
[PlyCount "110"]
[EventDate "2006.03.25"]
[EventType "swiss"]
[EventRounds "11"]
[EventCountry "POL"]
[SourceTitle "CBM 111 Extra"]
[Source "ChessBase"]
[SourceDate "2006.05.09"]
[SourceVersion "1"]
[SourceVersionDate "2006.05.09"]
[SourceQuality "1"]

1. d4 d5 2. Nf3 Nc6 3. e3 Bg4 4. Nbd2 e6 5. Bd3 Nf6 6. c3 Bd6 7. 0-0 0-0 8. e4 e5 9. exd5 Nxd5 10. dxe5 Bxe5 11. Qc2 h6 12. h3 Be6 13. Re1 Bf6 14. Ne4 Be7 15. Bd2 Qd7 16. Ng3 Rad8 17. Bh7+ Kh8 18. Bd3 Ndb4 19. cxb4 Qxd3 20. Qxd3 Rxd3 21. a3 Bf6 22. Bc1 Bd5 23. Ne4 Bxe4 24. Rxe4 Rfd8 25. Kf1 Kg8 26. Rb1 Rd1+ 27. Re1 Ne5 28. Nxe5 Bxe5 29. Rxd1 Rxd1+ 30. Ke2 Rg1 31. g3 Bf6 32. b3 Bg5 33. f4 Bf6 34. Kf2 Bd4+ 35. Kf3 Re1 36. a4 Be3 37. Rb2 Bxc1 38. Rc2 Ba3 39. b5 Re7 40. Rd2 Bd6 41. Ra2 Kf8 42. a5 Ke8 43. Re2 Rxe2 44. Kxe2 Bb4 45. a6 bxa6 46. bxa6 Kd7 47. Kd3 c5 48. Kc4 Kc6 49. g4 Bd2 50. f5 Be1 51. Kd3 Kb5 52. Ke4 Kxa6 53. Kf4 Kb5 54. g5 Bd2+ 55. Ke5 Bxg5 0-1

[Event "POL-ch U16 Girls"]
[Site "Leba"]
[Date "2006.03.28"]
[Round "6"]
[White "Zebrowska, Anna"]
[Black "Filipkowska, Martyna"]
[Result "1/2-1/2"]
[WhiteElo "1600"]
[BlackElo "1600"]
[PlyCount "44"]
[EventDate "2006.03.25"]
[EventType "swiss"]
[EventRounds "11"]
[EventCountry "POL"]
[SourceTitle "CBM 111 Extra"]
[Source "ChessBase"]
[SourceDate "2006.05.09"]
[SourceVersion "1"]
[SourceVersionDate "2006.05.09"]
[SourceQuality "1"]

1. e4 e5 2. Nf3 d6 3. d4 exd4 4. Nxd4 c5 5. Nf3 Nf6 6. Nc3 Bg4 7. Bc4 Be7 8. 0-0 Nc6 9. h3 Bxf3 10. Qxf3 Ne5 11. Qe2 Nxc4 12. Qxc4 0-0 13. Nd5 Nxd5 14. Qxd5 b6 15. Bf4 Qc7 16. e5 dxe5 17. Qxe5 Qxe5 18. Bxe5 Rad8 19. Rad1 Rxd1 20. Rxd1 Rd8 21. Rxd8+ Bxd8 22. a3 h6 1/2-1/2

[Event "POL-ch U16 Girls"]
[Site "Leba"]
[Date "2006.03.26"]
[Round "3"]
[White "Dusza, Elzbieta"]
[Black "Zebrowska, Anna"]
[Result "1-0"]
[WhiteElo "1909"]
[BlackElo "1600"]
[PlyCount "39"]
[EventDate "2006.03.25"]
[EventType "swiss"]
[EventRounds "11"]
[EventCountry "POL"]
[SourceTitle "CBM 111 Extra"]
[Source "ChessBase"]
[SourceDate "2006.05.09"]
[SourceVersion "1"]
[SourceVersionDate "2006.05.09"]
[SourceQuality "1"]

1. d4 Nf6 2. c4 g6 3. Nf3 Bg7 4. Bg5 d6 5. e3 0-0 6. Nc3 Nbd7 7. Be2 e5 8. 0-0 Re8 9. Qc2 h6 10. Bh4 exd4 11. exd4 c6 12. Bd3 Qc7 13. Rfe1 Rf8 14. Re7 Nh5 15. Bxg6 Bf6 16. Bxh5 Bxe7 17. Bxe7 Re8 18. Bxf7+ Kxf7 19. Qh7+ Ke6 20. d5+ 1-0